000 00560nam a22001937a 4500
003 OSt
005 20240422121831.0
008 240422b |||||||| |||| 00| 0 eng d
020 _a9780521128216
040 _cDDC
082 _a510 HIL 2010
100 _4Petersen Jean,Hilton Peter.
245 _aA mathematical Tapestry: Demonstration the Beautiful Unity of Mathematics.
260 _aUSA,
_bCambridge University Press.
_c2010.
300 _axiv;290p.
_bIll.
_c24.6cm.
504 _aReferences,Index.
650 _2
_aMathematics
942 _2ddc
_cO_SHELF
999 _c8301
_d8301